[Event "Olomouc Chess Summer 2016-Open seniorù"]
[Site "Olomouc"]
[Date "2016.08.18"]
[Round "7.5"]
[White "Vagovsky, Jozef"]
[Black "Lemsom, Nico"]
[Result "1/2-1/2"]
[WhiteElo "1883"]
[BlackElo "1837"]
[PlyCount "21"]
[EventDate "2016.08.13"]

1. d4 d5 2. Nf3 Nf6 3. c4 c6 4. Nc3 Bf5 5. e3 e6 6. Bd3 Bg4 7. O-O Bb4 8. Bd2
Nbd7 9. h3 Bh5 10. cxd5 exd5 11. Be2 1/2-1/2